| 000 | 00653cam a2200241 a 4500 | ||
|---|---|---|---|
| 020 | _a0849355818 (v. 1) | ||
| 040 | _cDLC | ||
| 082 | 0 | 0 | _a616 CRC 1986 A056 Or. |
| 245 | 0 | 0 | _aIn vitro models for cancer research / |
| 260 |
_aBoca Raton, Fla. : _bCRC Press, _cc1985-c1986. |
||
| 300 |
_av. <1, 3-4 > : _bill. ; _c27 cm. |
||
| 650 | 0 | _aCancer cells. | |
| 650 | 0 | _aOncology, Experimental. | |
| 650 | 0 | _aCell transformation. | |
| 650 | 0 | _aCell culture. | |
| 650 | 2 | _aNeoplasms. | |
| 650 | 2 | _aResearch. | |
| 650 | 2 | _aCells, Cultured. | |
| 650 | 2 | _aModels, Biological. | |
| 700 | 1 | _aWebber, Mukta M. | |
| 700 | 1 | _aSekely, Lea I. | |
| 942 | _cEK | ||
| 999 |
_c15775 _d15775 |
||